[Event "Trapani Province-ch"]
[Site "Erice"]
[Date "2010.01.24"]
[Round "6"]
[White "Bucca, Angelo"]
[Black "Romeo, Giacomo"]
[Result "0-1"]
[WhiteElo "1401"]
[BlackElo "1488"]
[PlyCount "84"]
[EventDate "2010.01.10"]
[EventType "swiss"]
[EventRounds "6"]
[EventCountry "ITA"]
[SourceTitle "EXT 2024"]
[Source "ChessBase"]
[SourceDate "2023.10.10"]
[SourceVersion "1"]
[SourceVersionDate "2023.10.10"]
[SourceQuality "1"]

1. e4 e5 2. Nf3 Nc6 3. Nc3 Nf6 4. Bc4 d6 5. h3 Na5 6. Be2 Be6 7. d3 h6 8. Be3 Nc6 9. 0-0 d5 10. exd5 Nxd5 11. Nxd5 Bxd5 12. d4 e4 13. Ne5 Nxe5 14. dxe5 c6 15. c4 Be6 16. Qxd8+ Rxd8 17. Bxa7 Rd2 18. Rfe1 Rxb2 19. Bd4 Rd2 20. Be3 Rc2 21. Kh2 Bb4 22. Reb1 Bc3 23. Bf1 Bxa1 24. Rxa1 Bxc4 25. Bxc4 Rxc4 26. a4 Ke7 27. a5 Ra8 28. Kg3 Ke6 29. Bf4 g5 30. Be3 Kxe5 31. f4+ Kf5 32. fxg5 hxg5 33. h4 gxh4+ 34. Kxh4 Rc3 35. g4+ Kg6 36. Bg1 f5 37. gxf5+ Kxf5 38. Rf1+ Rf3 39. Rb1 Rxa5 40. Rxb7 Rf4+ 41. Kh5 Kf6+ 42. Kh6 Rh4# 0-1

[Event "Trapani Province-ch"]
[Site "Erice"]
[Date "2010.01.24"]
[Round "4"]
[White "Messina, Rosario"]
[Black "Romeo, Giacomo"]
[Result "1-0"]
[WhiteElo "1577"]
[BlackElo "1488"]
[PlyCount "57"]
[EventDate "2010.01.10"]
[EventType "swiss"]
[EventRounds "6"]
[EventCountry "ITA"]
[SourceTitle "EXT 2024"]
[Source "ChessBase"]
[SourceDate "2023.10.10"]
[SourceVersion "1"]
[SourceVersionDate "2023.10.10"]
[SourceQuality "1"]

1. e4 e5 2. Nf3 Nc6 3. Bc4 Bc5 4. Nc3 d6 5. h3 Nf6 6. d3 Be6 7. Bxe6 fxe6 8. Na4 b5 9. Nxc5 dxc5 10. Be3 c4 11. dxc4 bxc4 12. Bg5 Qxd1+ 13. Rxd1 Nxe4 14. 0-0 Nxg5 15. Nxg5 Ke7 16. Rfe1 Kf6 17. Nf3 Rab8 18. b3 Kf5 19. Rd7 Rb7 20. Rxg7 Kf6 21. Rg4 cxb3 22. cxb3 Rb5 23. Rc4 Rb6 24. Rc5 a6 25. Nxe5 Nxe5 26. Rcxe5 Rd8 27. R1e2 Rbd6 28. Kh2 a5 29. Rxa5 1-0

[Event "Trapani Province-ch"]
[Site "Erice"]
[Date "2010.01.24"]
[Round "5"]
[White "Romeo, Giacomo"]
[Black "Savalla, Gianluca"]
[Result "1-0"]
[WhiteElo "1488"]
[BlackElo "1410"]
[PlyCount "79"]
[EventDate "2010.01.10"]
[EventType "swiss"]
[EventRounds "6"]
[EventCountry "ITA"]
[SourceTitle "EXT 2024"]
[Source "ChessBase"]
[SourceDate "2023.10.10"]
[SourceVersion "1"]
[SourceVersionDate "2023.10.10"]
[SourceQuality "1"]

1. e4 e5 2. Nf3 Nc6 3. Nc3 Nf6 4. Bc4 Be7 5. Ng5 d5 6. exd5 Nxd5 7. Bxd5 Bxg5 8. Qf3 Qe7 9. Bxc6+ bxc6 10. Qxc6+ Qd7 11. Qxa8 0-0 12. Qe4 Qd4 13. Qxd4 exd4 14. Ne4 Re8 15. d3 Bd8 16. Kd2 c6 17. Nd6 Bg5+ 18. Kd1 Rd8 19. Nxc8 Rxc8 20. Bxg5 c5 21. b3 Re8 22. Re1 Rb8 23. Bf4 Rd8 24. Bc7 Rc8 25. a4 h6 26. Bd6 Rc6 27. Bb8 Rc8 28. Bxa7 Rc7 29. Bb6 Rc6 30. a5 Rc8 31. a6 g5 32. a7 Ra8 33. Bxc5 Kh7 34. b4 f5 35. b5 h5 36. b6 f4 37. b7 Rf8 38. a8Q Rf5 39. Ra6 Rxc5 40. Re7# 1-0